Pluralism and the religions (Record no. 96908)
[ view plain ]
| 000 -LEADER | |
|---|---|
| fixed length control field | 00539nam a2200229Ia 4500 |
| 003 - CONTROL NUMBER IDENTIFIER | |
| control field | 0100 |
| 008 - FIXED-LENGTH DATA ELEMENTS--GENERAL INFORMATION | |
| fixed length control field | 130307s9999 xx 000 0 und d |
| 040 ## - CATALOGING SOURCE | |
| Transcribing agency | ARRUPELIB |
| 050 ## - LIBRARY OF CONGRESS CALL NUMBER | |
| Classification number | BR127.P58 1998 |
| 300 ## - PHYSICAL DESCRIPTION | |
| Other physical details | 99p. 23 cm. |
| 245 ## - TITLE STATEMENT | |
| Title | Pluralism and the religions |
| 245 ## - TITLE STATEMENT | |
| Remainder of title | the teological and political dimensions |
| 260 ## - PUBLICATION, DISTRIBUTION, ETC. (IMPRINT) | |
| Place of publication, distribution, etc | London |
| 260 ## - PUBLICATION, DISTRIBUTION, ETC. (IMPRINT) | |
| Name of publisher, distributor, etc | Cassell |
| 260 ## - PUBLICATION, DISTRIBUTION, ETC. (IMPRINT) | |
| Date of publication, distribution, etc | 1998 |
| 300 ## - PHYSICAL DESCRIPTION | |
| Extent | ix |
| 650 ## - SUBJECT ADDED ENTRY--TOPICAL TERM | |
| Topical term or geographic name as entry element | CHRISTIANITY |
| 650 ## - SUBJECT ADDED ENTRY--TOPICAL TERM | |
| Topical term following geographic name as entry element | Ethics - History |
| 650 ## - SUBJECT ADDED ENTRY--TOPICAL TERM | |
| Location of event | Ethics |
| 700 ## - ADDED ENTRY--PERSONAL NAME | |
| Personal name | May, John Darcy (ed.) |
| 942 00 - ADDED ENTRY ELEMENTS (KOHA) | |
| Koha issues (borrowed), all copies | 3 |
| Withdrawn status | Lost status | Source of classification or shelving scheme | Damaged status | Not for loan | Collection code | Home library | Current library | Shelving location | Date acquired | Total Checkouts | Full call number | Barcode | Date last seen | Date checked out | Copy number | Price effective from | Koha item type |
|---|---|---|---|---|---|---|---|---|---|---|---|---|---|---|---|---|---|
| Library of Congress Classification | Main Collection | ARRUPE LIBRARY | ARRUPE LIBRARY | 07/03/2013 | 3 | BR127.P58 1998 | 46003088626 | 15/11/2016 | 21/10/2014 | 1 | 07/03/2013 | Monograph ( Printed materials) |